LIBRARY & INFORMATION CENTRE, KCAET, TAVANUR

ONLINE PUBLIC ACCESS CATALOGUE (OPAC)

Theory and practice of heat engines / (Record no. 5635)

MARC details
000 -LEADER
fixed length control field 00435cam a2200169ua 4500
041 ## - LANGUAGE CODE
Language code of text/sound track or separate title eng
082 ## - DEWEY DECIMAL CLASSIFICATION NUMBER
Classification number 621.4025
Item number WRA/TH
100 ## - MAIN ENTRY--AUTHOR NAME
Personal name Wrangham, D A .
245 ## - TITLE STATEMENT
Title Theory and practice of heat engines /
250 ## - EDITION STATEMENT
Edition statement 2 /
260 ## - PUBLICATION, DISTRIBUTION, ETC. (IMPRINT)
Place of publication London :
Name of publisher English Language Book Society ,
Year of publication 1962.
300 ## - PHYSICAL DESCRIPTION
Number of Pages 872 ; .
942 ## - ADDED ENTRY ELEMENTS (KOHA)
Koha item type Books
Holdings
Withdrawn status Lost status Damaged status Home library Current library Date acquired Full call number Accession Number Koha item type
      KAUAET KAUAET 07/04/2012 621.4025 2540 Books
      KAUAET KAUAET 07/04/2012 621.4025 3925 Books
free website counter